| 000 | 01350cam a2200385 a 4500 | ||
|---|---|---|---|
| 999 |
_c1598 _d1598 |
||
| 001 | 14022035 | ||
| 003 | OSt | ||
| 005 | 20210629071553.0 | ||
| 008 | 050630s2006 njua b 001 0 eng | ||
| 010 | _a 2005018792 | ||
| 020 | _a0131540572 | ||
| 035 | _a(Sirsi) 9712877 | ||
| 040 |
_aDLC _cALUPE UNIVERSITY _dDLC |
||
| 050 | 0 | 0 |
_aPE1479.C7 _bR59 2006 |
| 082 | 0 | 0 |
_a808/.0668 _222 |
| 090 | _a808.0668 ROB | ||
| 090 | _a808.0668 R57 | ||
| 100 | 1 | _aRoberts, Edgar V. | |
| 245 | 1 | 0 |
_aWriting about literature / _cEdgar V. Roberts. |
| 250 | _a11th edition | ||
| 260 |
_aUpper Saddle River, N.J. : _bPearson/Prentice Hall, _cc2006. |
||
| 300 |
_axvi, 416 pages : _billustrations ; _c23 cm. |
||
| 336 |
_atext _btxt _2rdacontent |
||
| 337 |
_aunmediated _bn _2rdamedia |
||
| 338 |
_avolume _bnc _2rdacarrier |
||
| 500 | _aIncludes bibliographical references and index. | ||
| 650 | 0 |
_aEnglish language _xRhetoric. |
|
| 650 | 0 |
_aLiterature _xHistory and criticism _xTheory, etc. |
|
| 650 | 0 |
_aCriticism _xAuthorship. |
|
| 650 | 0 | _aAcademic writing. | |
| 856 | 4 | 1 |
_3Table of contents _uhttp://www.loc.gov/catdir/toc/ecip0515/2005018792.html |
| 906 |
_aBL:0:1 _aBRW:1:0 _aCED:4:0 _aCL:1:1 _aDA:0:1 _aEA:0:1 _aFV:4:4 _aHIL:3:0 _aJO:1:0 _aMI:1:0 _aPA:0:1 _aPL:1:0 _aRN:1:0 _aRS:7:4 _aTOD:0:1 _aWS:1:0 |
||
| 942 |
_2lcc _cBK _nPW |
||
| 948 |
_a18/04/2006 _b09/08/2007 |
||